Statistics for Top 15 Countries with Covid-19 Cases - 4 May 2021

Click here to take the quiz!

General Stats

  • This quiz has been taken 19 times
  • The average score is 15 of 28

Answer Stats

country% Correct
United States
100%
India
94%
Brazil
89%
France
89%
Russia
89%
Spain
89%
United Kingdom
89%
Germany
78%
Mexico
78%
Italy
72%
Turkey
67%
Iran
61%
Sweden
61%
Belgium
56%
Argentina
50%
Netherlands
50%
Poland
50%
Colombia
44%
Portugal
39%
Panama
28%
Czechia
22%
Hungary
22%
Israel
22%
Bahrain
17%
Croatia
17%
Estonia
17%
Lithuania
17%
Slovenia
17%

Score Distribution

Percentile by Number Answered

Percent of People with Each Score

Your Score History

You have not taken this quiz